The life and teachings of Y'shua the Messiah (Jesus Christ): (Record no. 3616)

MARC details
000 -LEADER
fixed length control field 00554nam a22001697a 4500
003 - CONTROL NUMBER IDENTIFIER
control field GBCCL
005 - DATE AND TIME OF LATEST TRANSACTION
control field 20241126110458.0
008 - FIXED-LENGTH DATA ELEMENTS--GENERAL INFORMATION
fixed length control field 171130b xxu||||| |||| 00| 0 eng d
040 ## - CATALOGING SOURCE
Transcribing agency gbc
082 ## - DEWEY DECIMAL CLASSIFICATION NUMBER
Classification number 232.901
Item number STA
100 ## - MAIN ENTRY--PERSONAL NAME
Personal name Stanton, Don E.
9 (RLIN) 7192
245 ## - TITLE STATEMENT
Title The life and teachings of Y'shua the Messiah (Jesus Christ):
Remainder of title As recorded in the Four Gospels of the Holy Bible /
Statement of responsibility, etc. Don E. Stanton
260 ## - PUBLICATION, DISTRIBUTION, ETC.
Place of publication, distribution, etc. Hyderabad:
Name of publisher, distributor, etc. Gospel Trumpets,
Date of publication, distribution, etc. 1998
300 ## - PHYSICAL DESCRIPTION
Extent 118p.;
Other physical details ill.,
Dimensions 18 cm.
650 ## - SUBJECT ADDED ENTRY--TOPICAL TERM
Topical term or geographic name entry element Jesus Christ
Form subdivision Life & Teaching
9 (RLIN) 7193
942 ## - ADDED ENTRY ELEMENTS (KOHA)
Source of classification or shelving scheme Dewey Decimal Classification
Koha item type Books
Koha issues (borrowed), all copies 2
Holdings
Withdrawn status Lost status Source of classification or shelving scheme Damaged status Not for loan Home library Current Library Shelving location Date acquired Total checkouts Total renewals Full call number Barcode Date last seen Date last checked out Copy number Price effective from Koha item type
    Dewey Decimal Classification     GRACE BIBLE COLLEGE GRACE BIBLE COLLEGE Theology 2017-11-30 2 2 232.901 STA 005264 2025-05-01 2018-09-07 c.1 2017-11-30 Books
© Grace Bible College Library 2025